=LDR 00000nam 2200000 4500 =001 INLIS00000000000043 =005 20260702043538 =020 ##$$a 978-623-8356-04-1 =082 ##$$a 012.378 =100 1#$$a Allah, Hamba =245 1 $$a Jangan Sedih Allah Bersama Kita /$c Hamba Allah =300 ##$$a 128 ; 13,5 cm X 20,5 cm